000 00405 a2200145 4500
005 20250515113930.0
020 _a978-81-312-1198-4
082 _a658. 3 TYS
100 _aTYSON, S.
245 _aEssentials of Human Resource Management
250 _a5th Ed.
260 _aBurlington,
_bHeinemann,
_c2006.
300 _aix, 464p.: ill.; figure, picture, table.
_bIndex, references.
_c27cm.
942 _2ddc
_cBKS
999 _c2299
_d2299